Biodegradovateľné polymérne materiály typu polyhydroxybutyrát/zmäkčovadlo

Salvato in:
Dettagli Bibliografici
Autore principale: Macúrik, Patrik (Autore)
Altri autori: Plavec, Roderik (Relatore della tesi)
Natura: Manoscritto Libro
Lingua:slovacco
Pubblicazione: 2018
Soggetti:
Accesso online:http://is.stuba.sk/zp/portal_zp.pl?podrobnosti=136333
Tags: Aggiungi Tag
Nessun Tag, puoi essere il primo ad aggiungerne!!

MARC

LEADER 00000ntm a22000003a 4500
001 stuzp68120
003 SK-STU
005 20180602210519.6
007 ta
008 150427s2015----xo-----f-mn---000-0-slo-d
040 |a STU  |b slo 
041 0 |a slo 
100 1 |a Macúrik, Patrik  |u 049370  |4 aut  |U FCHPT Ústav prírodných a syntetických polymérov  |T FCHPT Oddelenie plastov, kaučuku a vlákien  |X 42824  |U C9370  |Y 128  |7 42824 
242 0 1 |a Biodegradable Polymer Materials Based on Polyhydroxybutyrate and Plasticizer  |y eng 
245 1 0 |a Biodegradovateľné polymérne materiály typu polyhydroxybutyrát/zmäkčovadlo 
260 |c 2018 
650 4 |a biodegradácia  |2 slo 
650 4 |a zmäkčovadlo  |2 slo 
650 4 |a polyhydroxybutyrát  |2 slo 
650 4 |a biodegradation  |2 eng 
650 4 |a plasticizer  |2 eng 
650 4 |a polyhydroxybutyrate  |2 eng 
700 1 |a Plavec, Roderik  |u 049370  |k Z2  |4 ths  |U FCHPT Ústav prírodných a syntetických polymérov  |T FCHPT Oddelenie plastov, kaučuku a vlákien  |X 26421  |U C9370  |Y 128  |7 A000026421 
856 4 |u http://is.stuba.sk/zp/portal_zp.pl?podrobnosti=136333